| 000 | 01126nab a22002297a 4500 | ||
|---|---|---|---|
| 999 |
_c5542 _d5542 |
||
| 003 | OSt | ||
| 005 | 20251215152948.0 | ||
| 008 | 190429b xxu||||| |||| 00| 0 spa d | ||
| 040 | _cPJ | ||
| 100 |
_96523 _aGarcía Rivas, Diego |
||
| 245 | 1 | 3 |
_aLa imputación subjetiva a los intervinientes en el art. 13 del Régimen Penal Tributario / _cDiego García Rivas. |
| 260 |
_cCiudad Autónoma de Buenos Aires : _aThomson Reuters La Ley, _b2025. |
||
| 300 | _ap. 171-188 | ||
| 500 | _aCita: AR/DOC/173/2025. | ||
| 505 | _aSumario: I. Introducción.— II. El ineludible dolo.— III. El dolo de omisión.— IV. Acerca de "no pudo no saber".— V. Las obligaciones de saber.— V. Dolo sin conocimiento.— VI. Balance y propuesta. | ||
| 505 | _tSi te interesa el texto completo, solicitalo a koha@justierradelfuego.gov.ar | ||
| 650 | 0 |
_9343 _aDERECHO PENAL |
|
| 650 | 0 |
_9705 _aREGIMEN PENAL TRIBUTARIO |
|
| 650 | 0 |
_9706 _aDELITOS TRIBUTARIOS |
|
| 773 | 0 |
_02658 _93164 _tRevista de derecho penal y criminología. Nº 2 - Marzo 2025 _dCiudad Autónoma de Buenos Aires : Thomson Reuters La Ley, 2017- _x00347914 |
|
| 942 |
_2udc _cANA |
||